[Event "Kuala Lumpur Inter Varsity-ch"]
[Site "Kuala Lumpur"]
[Date "2020.02.10"]
[Round "1"]
[White "Nguyen, Hong Anh1"]
[Black "Razeef, Nurazizul Hisham Nu"]
[Result "1-0"]
[WhiteElo "1979"]
[BlackElo "1441"]
[PlyCount "57"]
[EventDate "2020.02.10"]
[EventType "swiss"]
[EventRounds "9"]
[EventCountry "MAS"]
[SourceTitle "CBM 195 Extra"]
[Source "ChessBase"]
[SourceDate "2020.05.31"]
[SourceVersion "1"]
[SourceVersionDate "2020.05.31"]
[SourceQuality "1"]

1. d4 Nf6 2. c4 e6 3. Nf3 d5 4. Nc3 Be7 5. g3 0-0 6. Bg2 b6 7. cxd5 exd5 8. 0-0 Bb7 9. Ne5 Nbd7 10. Qa4 Nxe5 11. dxe5 Nd7 12. Nxd5 Nc5 13. Qd1 c6 14. Nf4 Qc7 15. e6 fxe6 16. b4 Qe5 17. Rb1 Qf5 18. bxc5 Qxb1 19. Qd7 Bxc5 20. Qxb7 e5 21. Ne6 Bxf2+ 22. Kh1 Qg6 23. Nxf8 Rxf8 24. Bxc6 h5 25. Bd5+ Kh8 26. Be3 h4 27. Qe7 hxg3 28. Qxf8+ Kh7 29. Qg8# 1-0